000 00662nam a2200241Ia 4500
003 GCL
008 140319s9999 xx 000 0 ara d
040 _aGCL /
_cGCL
082 0 4 _a229.1
_bأ أ
100 1 _aالسيد عبدالحسين
245 1 0 _aاداب من القران /
_cالسيد عبدالحسين
700 1 _aلجنة الهدى (مترجم)
260 _a[S.N] :
_bدار البلاغة ،
_c1992
300 _a343 ص
490 _a
650 0 4 _aالاحكام الشرعية
650 0 4 _aالعلوم
650 0 4 _aتفاسير
650 0 4 _aتغيير
650 0 4 _aفضائل
650 0 4 _aالقران
942 _2ddc
_cBK
999 _c29360
_d29360